Statistiques concernant Focus sur: Albert Runcorn - Harry Potter

Cliquez ici pour prendre le quiz!

Statistiques générales

  • Ce quiz a été pris 88 fois
  • Le résultat moyen est 3 sur 5

Statistiques - réponses

Informations recherchéesRéponses% Correct
Première apparitionHarry Potter et les Reliques de la Mort
97%
ProfessionEmployé du Ministère de la Magie
88%
Couleur des cheveuxNoir
88%
SecteurComission d'enregistrement des Nés-Moldus
26%
Acteur l'interprétant dans les filmsDavid O'Hara
22%

Distribution des résultats

Percentile par nombre de réponses

% des personnes avec chaque résultat

Votre développement - résultats

Vous n’avez pas pris ce quiz